A Magyar Királyi Mezőgazdasági Vegykísérleti és Paprikakísérleti Állomás Szeged Szegedi Paprikajellegmegállapitó Bizottsága gratuláló levele Szent-Györgyi Alberthez. Szanyi István kir. fővegyész, az állomás vezetőjének aláírásával

Elmentve itt :
Bibliográfiai részletek
További közreműködők: Szanyi István
Dokumentumtípus: Kézirat
Megjelent: 1937-12-20
Kulcsszavak:Levelezés - Magyar Királyi Mezőgazdasági Vegykísérleti és Paprikakísérleti Állomás Szeged - Szent-Györgyi Albert, Nobel-díj - 1937
Online Access:http://misc.bibl.u-szeged.hu/71067
LEADER 00903ntm a2200169 i 4500
001 misc71067
005 20241205095732.0
008 230505s1937 hu o 000 hun d
040 |a SZTE Miscellanea Repozitórium  |b hun 
041 |a hun 
245 0 2 |a A Magyar Királyi Mezőgazdasági Vegykísérleti és Paprikakísérleti Állomás Szeged Szegedi Paprikajellegmegállapitó Bizottsága gratuláló levele Szent-Györgyi Alberthez. Szanyi István kir. fővegyész, az állomás vezetőjének aláírásával  |h [elektronikus dokumentum] 
260 |c 1937-12-20 
300 |a 1 fol. 
561 |a Szent-Györgyi Albert gratuláló levelek 
695 |a Levelezés - Magyar Királyi Mezőgazdasági Vegykísérleti és Paprikakísérleti Állomás Szeged - Szent-Györgyi Albert, Nobel-díj - 1937 
700 0 1 |a Szanyi István 
856 4 0 |u http://misc.bibl.u-szeged.hu/71067/1/gratulalo_levelek_031.pdf  |z Dokumentum-elérés